MARC details
| 000 -LEADER |
| fixed length control field |
02342nam a2200361 a 4500 |
| 001 - CONTROL NUMBER |
| EWU control number |
9348 |
| 003 - CONTROL NUMBER IDENTIFIER |
| control field |
BD-DhEWU |
| 005 - DATE AND TIME OF LATEST TRANSACTION |
| control field |
20240321123634.0 |
| 008 - FIXED-LENGTH DATA ELEMENTS--GENERAL INFORMATION |
| fixed length control field |
240321s2023 enk g b 001 0 eng d |
| 020 ## - INTERNATIONAL STANDARD BOOK NUMBER |
| International Standard Book Number |
9781350355187 |
|
| International Standard Book Number |
9781350355200 |
|
| International Standard Book Number |
9781350355194 |
|
| International Standard Book Number |
9781350355217 |
| 040 ## - CATALOGING SOURCE |
| Original cataloging agency |
DLC |
| Language of cataloging |
eng |
| Transcribing agency |
DLC |
| Description conventions |
rda |
| Modifying agency |
DLC |
| 041 ## - LANGUAGE CODE |
| Language code of text/sound track or separate title |
eng |
| 082 00 - DEWEY DECIMAL CLASSIFICATION NUMBER |
| Classification number |
346.4202 |
| Author mark and Year |
MCC 2023 |
| 100 1# - MAIN ENTRY--PERSONAL NAME |
| Personal name |
McKendrick, Ewan. |
| 9 (RLIN) |
18758 |
| 245 10 - TITLE STATEMENT |
| Title |
Contract law / |
| Statement of responsibility, etc |
Ewan McKendrick KC (Hon). |
| 250 ## - EDITION STATEMENT |
| Edition statement |
15th ed. |
| 260 ## - PUBLICATION, DISTRIBUTION, ETC. (IMPRINT) |
| Place of publication, distribution, etc |
Oxford : |
| Name of publisher, distributor, etc |
HART, |
| Date of publication, distribution, etc |
2023. |
| 300 ## - PHYSICAL DESCRIPTION |
| Extent |
xlii, 487 p. : |
| Dimensions |
24 cm. |
| 504 ## - BIBLIOGRAPHY, ETC. NOTE |
| Bibliography, etc |
Includes bibliographical references and index. |
| 505 0# - FORMATTED CONTENTS NOTE |
| Title |
Table of contents |
| Contents note |
1. Introduction PART I: THE FORMATION AND SCOPE OF A CONTRACT2. Agreement: Clearing the Ground3. Offer and Acceptance4. Certainty and Agreement Mistakes5. Consideration and Form6. Intention to Create Legal Relations7. Third Party Rights PART II: THE CONTENT OF A CONTRACT8. What is a Term?9. The Sources of Contractual Terms10. The Classification of Contractual Terms11. Exclusion Clauses PART III: POLICING THE CONTRACT12. A Duty to Disclose Material Facts?13. Misrepresentation14. Common Mistake and Frustration15. Illegality16. Capacity17. Duress, Undue Influence and Inequality of Bargaining Power18. Unfair Terms in Consumer Contracts PART IV: PERFORMANCE, DISCHARGE AND REMEDIES FOR BREACH OF CONTRACT19. Performance and Discharge of the Contract20. Breach of Contract21. Damages for Breach of Contract22. Obtaining an Adequate Remedy Bibliography Index |
| 520 ## - SUMMARY, ETC. |
| Summary, etc |
"Contract Law is a bestselling core textbook written by the leading expert in the field. Its comprehensive coverage and incisive analysis gives students the edge in coursework and exams. Unrivalled for its clarity of explanation, it expertly inks contractual judicial legal theory, practice to practical contractual issues to provide students with a deep understand of contract law. Fully updated with the latest developments in the law, it makes an idea core text for students at undergraduate and postgraduate level"-- |
| 526 ## - STUDY PROGRAM INFORMATION NOTE |
| Program name |
Law |
| Requested Dept. (EWU) |
Law |
| 650 #0 - SUBJECT ADDED ENTRY--TOPICAL TERM |
| Topical term or geographic name |
Contracts |
| Geographic subdivision |
England. |
|
| Topical term or geographic name |
Contracts |
|
| Topical term or geographic name |
Contracts |
| Geographic subdivision |
Wales |
| 856 ## - ELECTRONIC LOCATION AND ACCESS |
| Materials Specified |
WorldCat Details |
| Uniform Resource Identifier |
https://search.worldcat.org/title/1373929028 |
| 942 ## - ADDED ENTRY ELEMENTS (KOHA) |
| Source of classification or shelving scheme |
Dewey Decimal Classification |
| Koha item type |
Text |